Rozwiń skrót - Statystyki

Ogólne statystyki
  • Ten quiz został rozwiązany 26 razy
  • Średni wynik to 9 z 15
Statystyki odpowiedzi
Hint Odpowiedź % Poprawnych
MON ministerstwo obrony narodowej
92%
ONZ organizacja narodów zjednoczonych
92%
PKB produkt krajowy brutto
83%
ZUS zakład ubezpieczeń społecznych
83%
RP Rzeczpospolita Polska
79%
ZEA zjednoczone emiraty arabskie
79%
MEN ministerstwo edukacji narodowej
67%
GUS główny urząd statystyczny
58%
MSWiA ministerstwo spraw wewnętrznych i administracji
58%
PZU państwowy zakład ubezpieczeń
46%
PIP państwowa inspekcja pracy
42%
SI sztuczna inteligencja
42%
WWW world wide web
42%
UOKiK urząd ochrony konkurencji i konsumentów
29%
PESEL powszechny elektroniczny system ewidencji ludnosci
17%
Nie znaleziono quizów pasujących do podanych kryteriów
Rozkład punktacji
Procent ludzi z każdym wynikiem
Percentyl według liczby udzielonych odpowiedzi
Twoja historia wyników
Nie rozwiązałeś tego quizu